000 00625nam a22001937i 4500
999 _c22939
_d22939
003 AR-CdUCM
008 240605b20222022 pe||||| |||| 00| 0 spa d
020 _a978-612-4347-15-3
040 _aMUNICIPALIDAD PROVINCIAL DEL CUSCO
_cBIBLIOTECA MUNICIPAL DEL CUSCO
082 _aPI / 803 / H46
_bH46
100 _aHerrera Orsi, Iván.
_950060
245 _aRayo vuelve a casa /
260 _aLima :
_bPanamericana Editorial,
_c2022
300 _a31 páginas. :
_c22 cm.
_bIlustraciones en color
650 _aCuento
_94671
700 _aAyuni, Christian. [ilustrador]
_950061
942 _2ddc
_cLIBROS
945 _apbj
_d2024-06-05